| 000 | 00562nam a22001697a 4500 | ||
|---|---|---|---|
| 003 | PILC | ||
| 005 | 20150605113805.0 | ||
| 008 | 150605b xxu||||| |||| 00| 0 eng d | ||
| 050 |
_aT 1 _b.J83 2007 |
||
| 100 | _aJose, Michelle McQ C. | ||
| 245 |
_aThe computerization of capino medical clinic patient record system / _cMichelle McQ C. Jose. |
||
| 260 |
_aLas PiƱas City : _bSISC, _c2007. |
||
| 300 |
_axiii, 151 pages : _billustrations ; _c28 cm. |
||
| 500 | _aIncludes bibliographical references and indexes. | ||
| 650 | _aAutomation. | ||
| 942 |
_2lcc _cTH _kLOC |
||
| 999 |
_c284756 _d284756 |
||